00159nam a2200061Ia 4500008004100000100001900041245003700060120527s9999 xx 000 0 und d aKRISHNA, M.V.A aComposition of cosmic radiation.